| 000 | 01103nam a22002777a 4500 | ||
|---|---|---|---|
| 003 | dpl | ||
| 005 | 20180702143149.0 | ||
| 008 | 180702b xxu||||| |||| 00| 0 eng d | ||
| 010 | _aB-100934, B-100943 | ||
| 020 |
_c500.00 _a8188266108 |
||
| 035 | _aB-143132 | ||
| 037 | _bCen Lib/Ret | ||
| 040 |
_aDPL _bHN _c0 |
||
| 082 |
_aउ _bसिन्हा |
||
| 100 |
_aसिन्हा, मिरुदुला _915968 |
||
| 245 |
_aअतिशय / _cमृदुला सिन्हा |
||
| 246 |
_aMahasagar / _bby Howard fast |
||
| 260 |
_aनई दिल्ली _bप्रतिभा प्रितिश्ठन _c2003 |
||
| 270 |
_a१९९१ दाख्नारिये स्ट्रीट , नेताजी सुभाष marg _bनई दिल्ली _e११०००२ |
||
| 300 |
_a417पृ. _c20सेमी(सजिल्द) |
||
| 650 |
_aहिंदी साहित्य _942463 |
||
| 650 |
_aउपन्यास _942464 |
||
| 650 |
_aHindi literature _942465 |
||
| 650 |
_aFiction _98901 |
||
| 942 |
_2ddc _cHN _hउ _mसिन्हा |
||
| 999 |
_c111371 _d111371 |
||